| 000 | 00581nam a2200181 i 4500 | ||
|---|---|---|---|
| 001 | bg | ||
| 245 | 0 | 0 |
_aGeovision 99 : _binternational symposium on imaging applications in geology, 6-7 May 1999 : proceedings / _cUniversity of Liège. |
| 260 |
_aLiège : _bUniversity of Liège, _c1999. |
||
| 300 |
_a264, [3] s. : _brys., wykr. ; _c30 cm. |
||
| 504 | _aBibliogr. przy ref. | ||
| 650 | 9 |
_aGeologia _xmateriały konferencyjne |
|
| 710 | 0 | _aUniversity of Liège | |
| 040 | _cBPK | ||
| 041 | 0 | _aen | |
| 080 | _a55(061) | ||
| 942 | _cKS | ||
| 008 | s pl f |000 0 pol | ||
| 999 |
_c36327 _d36327 |
||
| 856 |
_uhttp://koha.tu.koszalin.pl/cgi-bin/koha/opac-detail.pl?biblionumber=36327 _yKatalog online BPK |
||